00510nam a2200181Ia 450000500170000000800410001702000180005804100120007608200160008810000170010424500500012126000540017130000200022565000230024565000190026865000250028765000160031220260429112000.0260429s9999||||xx |||||||||||||| ||und|| a9798886131246 aEnglish a621.366bAN aAn, Kyungwon 0aFundamentals of laser physics / cKyungwon An aSingapore : bWorld Scientific Publishing,c2025. axv, 305 p.; pbk a Laser engineering a Laser physics a Optical engineering aEngineering